00987nam a2200277 i 4500001000300000100002100003245013600024246004100160260003400201300003400235500004400269630001400313655001800327700003400345700002500379020001500404040000800419041001300427080003700440920001800477942000700495008004100502999001700543856009800560952005100658bg1 aMcCLELLAND, Deke10aCorelDRAW!5 dla opornych /cDeke McClelland ; [oprac. wersji pol. Michał Sułkiewicz ; przekł. uzup. z ang. Wojtek Kowal et al.]. iTyt. oryg.:aCorelDRAW!5 for dummies aWarszawa :b"Read Me",c1995. aXIX, 378 s. :brys. ;c24 cm. aOryg. : "CorelDRAW!5 for dummies" 1993.09aCorelDRAW aPodręczniki1 aSUŁKIEWICZ, Michał.eOprac.1 aKOWAL, Wojtek.eTł. a8385769854 cBPK1 apolheng a681.322.06:741/744:655.1/.3](07) a83-85769-85-4 cKS s pl f |000 0 pol  c24750d24750 uhttp://koha.tu.koszalin.pl/cgi-bin/koha/opac-detail.pl?biblionumber=24750yKatalog online BPK 00104070aBPKbBPKcwoP 51516p01359657yKS